Trzykolorowe flagi - nagła śmierć - Statystyki

Ogólne statystyki
  • Ten quiz został rozwiązany 173 razy
    69 od ostatniego zresetowania
  • Średni wynik to 9 z 24
Answers on the Grid
Answers color-coded by a green-red scale on the quiz's grid according to % correct below.
Albania
Algieria
Angola
Bahrajn
Barbados
Brazylia
Chile
Chiny
Dania
Dominika
Estonia
Francja
Gambia
Gruzja
Gwinea
Honduras
Irlandia
Islandia
Izrael
Japonia
Jemen
Kamerun
Kolumbia
Kongo
Kuba
Lesotho
Litwa
Łotwa
Madagaskar
Maroko
Mjanma
Niger
Norwegia
Polska
Rosja
Rumunia
Saint Lucia
Seszele
Somalia
Sudan
Tajlandia
Timor Wschodni
Trynidad i Tobago
Ukraina
Węgry
Wietnam
Włochy
Zjednoczone Emiraty Arabskie
 
Statystyki odpowiedzi
Odpowiedź % Poprawnych
Chile
65%
Francja
63%
Algieria
60%
Irlandia
60%
Estonia
53%
Litwa
50%
Rosja
50%
Węgry
50%
Włochy
50%
Angola
43%
Rumunia
43%
Norwegia
38%
Barbados
35%
Islandia
33%
Kolumbia
33%
Tajlandia
33%
Kamerun
28%
Kuba
28%
Gwinea
25%
Madagaskar
25%
Jemen
20%
Niger
20%
Trynidad i Tobago
15%
Kongo
10%
Nie znaleziono quizów pasujących do podanych kryteriów
Rozkład punktacji
Procent ludzi z każdym wynikiem
Percentyl według liczby udzielonych odpowiedzi
Twoja historia wyników
Nie rozwiązałeś tego quizu od ostatniego zresetowania